00469cam a2200169ua 45000010005000000080039000050400009000440410008000530820011000611000034000722450052001062500012001582600043001703000010002136530049002236530027002729358150812n ii |||gr||||Z||||||asm cMAIN aasm a371.33 aChaliha, Beda Kumar,eAuthor.1 aShaikshyik prayuktibidyacby Beda Kumar Chaliha a1st ed. aGolaghat:bSaraswati prakashan,c2008. a344p. aSchools & their activities special education aEducational technology